[Event "AUT-chT2M 2122"]
[Site "Austria"]
[Date "2022.03.25"]
[Round "7.1"]
[White "Watzka, Horst"]
[Black "Drnovsek, Gal"]
[Result "0-1"]
[WhiteElo "2172"]
[BlackElo "2382"]
[PlyCount "59"]
[EventDate "2021.10.01"]
[EventType "team-tourn"]
[EventRounds "11"]
[EventCountry "AUT"]
[SourceTitle "EXT 2023"]
[Source "ChessBase"]
[SourceDate "2022.10.05"]
[SourceVersion "1"]
[SourceVersionDate "2022.10.05"]
[SourceQuality "1"]
[WhiteTeam "Graz Schachgesellschaft"]
[BlackTeam "St Veit/Glan II"]
[WhiteTeamCountry "AUT"]
[BlackTeamCountry "AUT"]

1. e4 c5 2. Nf3 d6 3. Bb5+ Nd7 4. 0-0 a6 5. Bd3 Ngf6 6. Re1 e6 7. c3 Be7 8. Bc2 0-0 9. d4 b5 10. Nbd2 cxd4 11. cxd4 Bb7 12. b3 Rc8 13. Bb2 Re8 14. Rc1 Nf8 15. Qe2 Rc7 16. Bb1 Rxc1 17. Rxc1 Qa8 18. Qe3 Bd8 19. Ba3 Qb8 20. Bd3 Bb6 21. Qe1 Ng6 22. h3 Rd8 23. Bb1 Qa8 24. Bb2 a5 25. Bd3 Nf4 26. Bb1 a4 27. Qe3 e5 28. Qe1 d5 29. exd5 exd4 30. Bxd4 0-1

[Event "Steyr Landesliga 2122"]
[Site "Austria"]
[Date "2021.11.13"]
[Round "2.2"]
[White "Schreiner, Till"]
[Black "Watzka, Horst"]
[Result "1-0"]
[WhiteElo "2333"]
[BlackElo "2172"]
[PlyCount "77"]
[EventDate "2021.10.16"]
[EventType "team-tourn"]
[EventRounds "11"]
[EventCountry "AUT"]
[SourceTitle "EXT 2023"]
[Source "ChessBase"]
[SourceDate "2022.10.05"]
[SourceVersion "1"]
[SourceVersionDate "2022.10.05"]
[SourceQuality "1"]
[WhiteTeam "Graz Styria"]
[BlackTeam "Graz Schachgesellschaft"]
[WhiteTeamCountry "AUT"]
[BlackTeamCountry "AUT"]

1. d4 Nf6 2. c4 e6 3. Nf3 Bb4+ 4. Nbd2 b6 5. a3 Bxd2+ 6. Qxd2 Bb7 7. e3 d6 8. Be2 Nbd7 9. 0-0 0-0 10. b4 Qe7 11. Bb2 Rfe8 12. Qc2 e5 13. d5 c6 14. dxc6 Bxc6 15. Rfd1 Rac8 16. Rac1 Bb7 17. Qa4 a6 18. Qb3 h6 19. Ne1 Red8 20. f3 Nf8 21. e4 Ne6 22. Qe3 Rc6 23. Rd2 Ne8 24. Rcd1 Rdc8 25. Nd3 Qc7 26. Nc1 Qe7 27. Nb3 Qg5 28. Qxg5 hxg5 29. a4 Nf4 30. Bf1 g4 31. c5 dxc5 32. bxc5 gxf3 33. Rd7 Ba8 34. Bxa6 fxg2 35. Bxc8 Rxc8 36. Bxe5 Ne6 37. cxb6 Bxe4 38. b7 Ng5 39. R7d3 1-0

[Event "Steyr Landesliga 1819"]
[Site "Austria"]
[Date "2019.04.06"]
[Round "11.3"]
[White "Watzka, Horst"]
[Black "Wegerer, Fred"]
[Result "1/2-1/2"]
[WhiteElo "2188"]
[BlackElo "2142"]
[PlyCount "23"]
[EventDate "2018.10.06"]
[EventType "team-tourn"]
[EventRounds "11"]
[EventCountry "AUT"]
[SourceTitle "EXT 2021"]
[Source "ChessBase"]
[SourceDate "2020.10.23"]
[SourceVersion "1"]
[SourceVersionDate "2020.10.23"]
[SourceQuality "1"]
[WhiteTeam "Graz Schachgesellschaft"]
[BlackTeam "Graz Austria"]
[WhiteTeamCountry "AUT"]
[BlackTeamCountry "AUT"]

1. e4 c6 2. d4 d5 3. e5 Bf5 4. c4 Bxb1 5. Rxb1 e6 6. a3 dxc4 7. Bxc4 Ne7 8. Nf3 Nd5 9. 0-0 Be7 10. Qe2 Nd7 11. Bd2 0-0 12. Qe4 1/2-1/2

[Event "Steyr Landesliga 1819"]
[Site "Austria"]
[Date "2018.10.06"]
[Round "1.3"]
[White "Benda, Herbert"]
[Black "Watzka, Horst"]
[Result "1/2-1/2"]
[WhiteElo "2284"]
[BlackElo "2188"]
[PlyCount "98"]
[EventDate "2018.10.06"]
[EventType "team-tourn"]
[EventRounds "11"]
[EventCountry "AUT"]
[SourceTitle "CBM 187 Extra"]
[Source "ChessBase"]
[SourceDate "2018.11.04"]
[SourceVersion "1"]
[SourceVersionDate "2018.11.04"]
[SourceQuality "1"]
[WhiteTeam "Leibnitz"]
[BlackTeam "Graz Schachgesellschaft"]
[WhiteTeamCountry "AUT"]
[BlackTeamCountry "AUT"]

1. e4 e5 2. Nf3 Nc6 3. Bc4 Bc5 4. 0-0 Nf6 5. d3 d6 6. h3 a6 7. Nc3 h6 8. a3 0-0 9. b4 Bb6 10. Be3 Bxe3 11. fxe3 Ne7 12. d4 Ng6 13. dxe5 dxe5 14. Qe1 Kh7 15. Rd1 Qe7 16. Qg3 c6 17. Rd2 a5 18. Rb1 axb4 19. axb4 b5 20. Bd3 Ra3 21. Nd1 Rd8 22. Nh4 Nf8 23. Rf2 Nh5 24. Nf5 Bxf5 25. exf5 e4 26. f6 Nxf6 27. Bf1 Ng6 28. Re2 Rda8 29. Rd2 Ra1 30. Rxa1 Rxa1 31. Qd6 Qxd6 32. Rxd6 Nd5 33. Be2 Nxe3 34. c3 Nf4 35. Kf2 Nxd1+ 36. Bxd1 f5 37. Bb3 Rb1 38. Be6 Nd3+ 39. Ke2 Re1+ 40. Kd2 Rf1 41. Rxc6 h5 42. Rb6 g6 43. g3 Rf2+ 44. Ke3 Rf3+ 45. Kd4 Rxg3 46. Rxb5 Nf4 47. Bc4 Rxh3 48. Ra5 Rh1 49. Ke5 e3 1/2-1/2

[Event "EU-chT Seniors 65"]
[Site "Chalkidiki"]
[Date "2016.04.26"]
[Round "8.1"]
[White "Hollstein, Joachim"]
[Black "Watzka, Horst"]
[Result "1/2-1/2"]
[WhiteElo "2070"]
[BlackElo "2236"]
[PlyCount "31"]
[EventDate "2016.04.19"]
[EventType "team-tourn"]
[EventRounds "9"]
[EventCountry "GRE"]
[SourceTitle "CBM 172 Extra"]
[Source "ChessBase"]
[SourceDate "2016.06.21"]
[SourceVersion "1"]
[SourceVersionDate "2016.06.21"]
[SourceQuality "1"]
[WhiteTeam "Stiftung BSW/DBAG"]
[BlackTeam "Steiermark"]
[WhiteTeamCountry "GER"]
[BlackTeamCountry "AUT"]

1. e4 c6 2. d4 d5 3. Nc3 dxe4 4. Nxe4 Bf5 5. Ng3 Bg6 6. h4 h6 7. Nf3 Nd7 8. h5 Bh7 9. Bd3 Bxd3 10. Qxd3 e6 11. Bd2 Ngf6 12. 0-0-0 Be7 13. Ne4 Nxe4 14. Qxe4 Nf6 15. Qe2 Qd5 16. c4 1/2-1/2

[Event "AUT-chT2M 1516"]
[Site "Austria"]
[Date "2016.04.15"]
[Round "9.5"]
[White "Watzka, Horst"]
[Black "Rieger, Robert"]
[Result "1/2-1/2"]
[WhiteElo "2222"]
[BlackElo "2311"]
[PlyCount "69"]
[EventDate "2015.10.02"]
[EventType "team-tourn"]
[EventRounds "11"]
[EventCountry "AUT"]
[SourceTitle "EXT 2017"]
[Source "ChessBase"]
[SourceDate "2016.10.25"]
[SourceVersion "1"]
[SourceVersionDate "2016.10.25"]
[SourceQuality "1"]
[WhiteTeam "Gleisdorf"]
[BlackTeam "Maria Saal II"]
[WhiteTeamCountry "AUT"]
[BlackTeamCountry "AUT"]

1. e4 c5 2. Nf3 Nc6 3. Bb5 g6 4. 0-0 Bg7 5. Re1 Nf6 6. Nc3 0-0 7. d3 Nd4 8. Bc4 d6 9. h3 Be6 10. Bxe6 Nxf3+ 11. Qxf3 fxe6 12. Qd1 Ne8 13. Be3 Nc7 14. d4 cxd4 15. Bxd4 Bxd4 16. Qxd4 e5 17. Qd3 Qd7 18. Rad1 Rac8 19. Nd5 Ne6 20. c3 Rf7 21. Rd2 Kg7 22. Qg3 Nf4 23. Nxf4 Rxf4 24. Qe3 b6 25. b3 h6 26. c4 g5 27. f3 Rcf8 28. b4 R4f6 29. c5 Qb5 30. cxd6 exd6 31. a3 Rc8 32. Red1 Qc6 33. Rd5 Qc3 34. Qd3 Qb2 35. Rxd6 1/2-1/2

[Event "EU-chT Seniors"]
[Site "Vienna"]
[Date "2015.07.12"]
[Round "1.1"]
[White "Schmidt, Bodo"]
[Black "Watzka, Horst"]
[Result "1/2-1/2"]
[WhiteElo "2353"]
[BlackElo "2234"]
[PlyCount "38"]
[EventDate "2015.07.12"]
[EventType "team-swiss"]
[EventRounds "9"]
[EventCountry "AUT"]
[SourceTitle "CBM 167 Extra"]
[Source "ChessBase"]
[SourceDate "2015.09.14"]
[SourceVersion "1"]
[SourceVersionDate "2015.09.14"]
[SourceQuality "1"]
[WhiteTeam "Germany"]
[BlackTeam "Steiermark"]
[WhiteTeamCountry "GER"]
[BlackTeamCountry "AUT"]

1. d4 Nf6 2. Nf3 d6 3. c4 g6 4. Nc3 Bg7 5. Bg5 Nbd7 6. e3 0-0 7. h3 e5 8. Be2 Re8 9. 0-0 c6 10. Qc2 Qe7 11. Rfd1 Qf8 12. b4 h6 13. Bh4 exd4 14. Nxd4 a6 15. a3 Ne5 16. f4 Ned7 17. e4 Nh7 18. Bf2 Ndf6 19. h4 Ng4 1/2-1/2

[Event "AUT-chT2M 1415"]
[Site "Austria"]
[Date "2014.11.15"]
[Round "4.6"]
[White "Watzka, Horst"]
[Black "Manhardt, Thomas"]
[Result "1-0"]
[WhiteElo "2244"]
[BlackElo "2266"]
[PlyCount "63"]
[EventDate "2014.10.03"]
[EventType "team-tourn"]
[EventRounds "11"]
[EventCountry "AUT"]
[SourceTitle "EXT 2015"]
[Source "ChessBase"]
[SourceDate "2014.11.20"]
[SourceVersion "1"]
[SourceVersionDate "2014.11.20"]
[SourceQuality "1"]
[WhiteTeam "Gleisdorf"]
[BlackTeam "Graz Styria"]
[WhiteTeamCountry "AUT"]
[BlackTeamCountry "AUT"]

1. e4 c5 2. Nf3 Nc6 3. Bb5 g6 4. Bxc6 bxc6 5. 0-0 Bg7 6. Re1 e5 7. c3 Ne7 8. d4 cxd4 9. cxd4 exd4 10. Nxd4 0-0 11. Nc3 d6 12. Bg5 Bb7 13. Qd2 Re8 14. Rad1 Qc7 15. Nb3 Rad8 16. Bh6 Bh8 17. Bf4 Nc8 18. Bg5 Ne7 19. Bf4 Nc8 20. Rc1 Qe7 21. Bg5 f6 22. Be3 Ba8 23. Na5 Qf7 24. b3 f5 25. f3 Nb6 26. Bf2 d5 27. exf5 Qxf5 28. Bd4 c5 29. Bxh8 Kxh8 30. Nb5 d4 31. Rxe8+ Rxe8 32. Nd6 1-0